000 00850nmc a2200313 a 4500
003 AR-BaBNM
005 20251128204130.0
008 011101s1991 ||||||||||||||000 | spa||
020 _a84-7509-696-4
040 _cAR-BaBNM
100 1 _aBarragán Medero, Fernando
245 1 0 _aLa educación sexual
_bguía teórica y práctica
250 _a1ª ed.
260 _aBarcelona
_bPaidós
_c1991
300 _a209 p.
_bgráfs.
490 0 _aPapeles de pedagogía
_vv. 1
500 _aContiene apéndices
650 4 _aEDUCACION SEXUAL
650 4 _aCOMPORTAMIENTO SEXUAL
650 4 _aSEXO
650 4 _aPSICOLOGIA DEL NINO
650 4 _aPSICOLOGIA DEL ADOLESCENTE
650 4 _aSEXUALIDAD
650 4 _aEDUCACION DE LOS PADRES
653 _aEDUCACION PARA LA SALUD
653 _aEDUCACION PRIMARIA
942 _cBK
998 _csilvi
999 _c6297
_d6297